000 01270nam a2200337 i 4500
003 EG-GICUC
005 20260206051656.0
008 260111s1968 ua |||fr|||| 00| 0 ara d
040 _a EG-GICUC
_bara
_c EG-GICUC
_d EG-GICUC
_erda
041 0 _aAra
082 0 4 _221
_a343.6
_bأ ح . ج
092 0 4 _221
099 _aLaw1 10 343.6 أ ح . ج 1968
100 0 _aأحمد فتحى بهنسى
_eمترجم.
245 1 2 _aالجرائم فى الفقه الإسلامى :
_bدراسة فقهية مقارنة /
_cتأليف أحمد فتحى بهنسى.
250 _aالطبعة الثالثة
264 1 _a[مكان النشر غير محدد] :
_bمكتبة الوعى العربى،
_c1968.
264 3 _bمطابع كوستاتوماس وشركاه
300 _a271 صفحة ؛
_c24 سم.
336 _2rda content
_atext
337 _2rda media
_aComputer
338 _2rda carrier
_aOnline Resource
504 _a ببليوجرافيا: صفحات255-257.
546 _aالنص باللغة العربية
650 1 _aعلم الإجرام
_2qrmak
650 1 _aالقانون الجنائى
_2qrmak
651 1 _2qrmak
856 4 0 _uhttps://fll.law.cu.edu.eg/fulltext/bks/B10-07830.pdf
905 _a54
_eYara
942 _2ddc
_cBK
_e21
_n0
999 _c56288
_d56288